000 00636nam a22002057a 4500
999 _c186811
_d186811
005 20220317115052.0
010 _aENG-132016
020 _a9788195056309
_c190.00
035 _aEN-115548
037 _bDBAD
082 _a658
100 _aSudhakar, A.
245 _aBusiness Organisation And Management/
_cA Sudhakar, C Kavita and Viswanadham Bulusu
260 _aIndirapuram
_bNational Publsihing Co.
_c2021
270 _aSRB 43A, Shipra Riviera, Gyan Khand-3
_bIndirapuram
_e201014
300 _aviii, 211p.
_c24cm(pbk)
700 _aKavita, C
700 _aBulusu, Viswanadham
942 _2ddc
_cEN
_h658
_mSUD